000 00483nam a22002057a 4500
003 bpm
005 20260407085931.0
008 260407b |||||||| |||| 001 p spa d
020 _a9789505632855
024 _aS. C. C. / M. C. y E. M.:
040 _aAR-CtUCP
041 _aspa
080 _aCDU
100 _aLezama Lima José
245 _aLlamado del deseo
260 _aBuenos Aires
_bColihue
_c2013
650 _aLiteratura - Poesía
942 _cLIB
999 _c76602
_d76602